Die gastrointestinalen Hormone

Elmentve itt :
Bibliográfiai részletek
Szerző: Varró Vince
Dokumentumtípus: Cikk
Megjelent: 1974
Sorozat:Kolligátum
Kulcsszavak:Emésztőrendszer - betegségek, Hormonok - gasztrointesztinális
Online Access:http://misc.bibl.u-szeged.hu/26075
LEADER 00570nab a2200169 i 4500
001 misc26075
005 20191111110317.0
008 170725s1974 hu o 0|| zxx d
040 |a SZTE Miscellanea Repozitórium  |b hun 
041 |a zxx 
100 1 |a Varró Vince 
245 1 4 |a Die gastrointestinalen Hormone  |h [elektronikus dokumentum] /  |c  Varró Vince 
260 |c 1974 
300 |a 75-83 
490 0 |a Kolligátum 
695 |a Emésztőrendszer - betegségek, Hormonok - gasztrointesztinális 
856 4 0 |u http://misc.bibl.u-szeged.hu/26075/1/018_020_075-083.pdf  |z Dokumentum-elérés